La resistencia en las Antillas tiene rostro de mujer : (Registro nro. 24224)

Detalles MARC
000 -LEADER
fixed length control field 01521nam a22002057a 4500
003 - CONTROL NUMBER IDENTIFIER
control field DO-CoUTE
005 - DATE AND TIME OF LATEST TRANSACTION
control field 20260523135318.0
008 - FIXED-LENGTH DATA ELEMENTS--GENERAL INFORMATION
fixed length control field 260523b dr ||||| |||| 00| 0 spa d
040 ## - CATALOGING SOURCE
Original cataloging agency DO-CoUTE
Language of cataloging spa
Transcribing agency DO-CoUTE
082 ## - DEWEY DECIMAL CLASSIFICATION NUMBER
Classification number RD 920.72 R488r
100 1# - MAIN ENTRY--PERSONAL NAME
Personal name Ricardo, Yolanda
Relator term Autor
245 10 - TITLE STATEMENT
Title La resistencia en las Antillas tiene rostro de mujer :
Remainder of title (Transgresiones, emancipaciones ) /
Statement of responsibility, etc. Ricardo, Yolanda ; edición: Virgilio López Lemus ; diseño portada: Helena Arco Martínez ; digramación: Iris Cuevas ; presentación: Mario Bonetti
260 ## - PUBLICATION, DISTRIBUTION, ETC.
Place of publication, distribution, etc. Santo Domingo :
Name of publisher, distributor, etc. Academia de Ciencias de la República Dominicana,
Date of publication, distribution, etc. 2004
300 ## - PHYSICAL DESCRIPTION
Extent 393 Paginas :
Other physical details fotos ;
Dimensions 23cm,
504 ## - BIBLIOGRAPHY, ETC. NOTE
Bibliography, etc. note Incluye referencia bibliográfica e índice.
505 ## - FORMATTED CONTENTS NOTE
Formatted contents note Capítulo Primero. Un contexto significativo: décadas transgresoras, 25. Nuestra América bulle y crece, 41. En Cuba (1860-1900), 59. En Cuba (1900-1960), 67. En Santo Domingo (1860-1900), 83. En Santo Domingo (1900-1960), 89 | Capítulo Segundo. Mujeres: transgresiones, resistencia y lucha en las Grandes Antillas, 101. De Santo Domingo: páginas de historia de vida, 103-159. De Cuba: páginas de historias de vida, 163-217 | Capítulo Tercero. Institutos de señoritas: experiencias singulares de transgresión, 221-244 | Capítulo Cuarto. Los hombres observan y también valoran, 255. Epílogo, 279. Textos complementarios, 289-350. Imágenes elocuentes, 351
650 #4 - SUBJECT ADDED ENTRY--TOPICAL TERM
Topical term or geographic name entry element Mujeres en las antillas
700 1# - ADDED ENTRY--PERSONAL NAME
Personal name Yolanda Ricardo
Relator term Autor
942 ## - ADDED ENTRY ELEMENTS (KOHA)
Source of classification or shelving scheme Dewey Decimal Classification
Koha item type Libros
Existencias
Withdrawn status Lost status Source of classification or shelving scheme Damaged status Not for loan Collection code Home library Current library Shelving location Date acquired Inventory number Total Checkouts Full call number Barcode Date last seen Copy number Price effective from Koha item type
    Dewey Decimal Classification     Colección Dominicana Biblioteca UTECO Biblioteca UTECO En Estantería 05/23/2026 023758   RD 920.72 R488r 023758 05/23/2026 Ej.1 05/23/2026 Libros
© 2021 Derechos Reservados UTECO - Teléfono: +1 809-585-2291 - Correo electrónico: biblioteca@uteco.edu.do​  
Código postal 43000 ​​
Dirección: Avenida Universitaria No. 100, 
Cotuí, Provincia Sánchez Ramírez, República Dominicana - RNC: 404-00059-6